01101nam a2200301Ia 450000500170000000800410001702000190005810000250007724501340010225000190023630000600025549000260031553400340034165000490037565000490042465000360047365000360050970000370054570000270058294200150060926400260062433600270065033700330067733800280071004000350073808400110077399900150078420220317001009.0160825s2008 ck a g 000 0 spa  a978958041490121 aBoie, Kirstend1950-10aA los duendes les gustan los pepinilloscKirsten Boie ; traducción de Rafael Arteaga ; ilustraciones de Magdalene Hanke-Basfeld a1a. edición  a62 páginas bilustraciones en blanco y negro c19 cm  aTorre de papel proja tHeinzler mögen saure gurken142LEMBaCuentos infantiles alemanes ySiglo XX142LEMBaLiteratura infantil alemana ySiglo XX142LEMBaNiños en la literatura 142LEMBaDuendes en la literatura 1 aHanke-Basfeld, Magdalene 9641411 aArteaga, Rafael964142 2loccBKINF aBogotábNormac2008 atextobtxt2rdacontent asin mediaciónbn2rdamedia avolumenbnc2rdacarrier aCO-BoRNBPbspaerdacCO-BoRNBP aC BOI1 c5621d5621